000 00335nam a2200133Ia 4500
005 20260328101509.0
008 260328s9999||||xx |||||||||||||| ||und||
100 _aLucan, Jacques
245 0 _aLe Corbusier :
_b Une encyclopedie /
_cJacques Lucan
260 _bCentre Pompidou
300 _a497 p.
650 _aARQUITECTOS
942 _cBK
999 _c9132
_d9132